000 00287nam a2200109Ia 4500
008 230907s9999||||xx |||||||||||||| ||und||
082 _a620.00151
_bONE
245 0 _aAdvanced engineering mathematics /
260 _aCengage Learning,
_bAustralia :
_c2018
300 _a839 p.
942 _cBK
999 _c600697
_d600697